<?xml version="1.0" encoding="UTF-8"?>
<record
    xmlns:xsi="http://www.w3.org/2001/XMLSchema-instance"
    xsi:schemaLocation="http://www.loc.gov/MARC21/slim http://www.loc.gov/standards/marcxml/schema/MARC21slim.xsd"
    xmlns="http://www.loc.gov/MARC21/slim">

  <leader>03091nac a22002531u 4500</leader>
  <controlfield tag="008">110508s2008    nyu|||||r|||| 001 0 eng d</controlfield>
  <datafield tag="010" ind1=" " ind2=" ">
    <subfield code="a">  2007033609</subfield>
  </datafield>
  <datafield tag="020" ind1=" " ind2=" ">
    <subfield code="a">0199296081</subfield>
  </datafield>
  <datafield tag="020" ind1=" " ind2=" ">
    <subfield code="a">9780199296088</subfield>
  </datafield>
  <datafield tag="082" ind1="0" ind2="0">
    <subfield code="a">320.91724</subfield>
    <subfield code="b">POL</subfield>
  </datafield>
  <datafield tag="100" ind1=" " ind2=" ">
    <subfield code="a">20080729                     </subfield>
    <subfield code="9">23680</subfield>
  </datafield>
  <datafield tag="245" ind1="0" ind2="0">
    <subfield code="a">Politics in the Developing World /</subfield>
    <subfield code="c">Edited by Peter Burnell and Vicky Randall.</subfield>
  </datafield>
  <datafield tag="250" ind1=" " ind2=" ">
    <subfield code="a">2nd ed.</subfield>
  </datafield>
  <datafield tag="260" ind1=" " ind2=" ">
    <subfield code="a">Oxford ;</subfield>
    <subfield code="a">New York :</subfield>
    <subfield code="b">Oxford University Press,2008</subfield>
    <subfield code="c">c2008.</subfield>
  </datafield>
  <datafield tag="300" ind1=" " ind2=" ">
    <subfield code="a">552 p. ;</subfield>
    <subfield code="c">23 cm.</subfield>
  </datafield>
  <datafield tag="504" ind1=" " ind2=" ">
    <subfield code="a">Includes bibliographical references (p.529-541) and index</subfield>
  </datafield>
  <datafield tag="505" ind1="0" ind2=" ">
    <subfield code="a">Approaches and global context 13 -- Analytical approaches to the study of politics in the developing world 15 / Vicky Randall -- Colonialism and post-colonial development 35 / James Chiriyankandath -- The developing world in the global economy 53 / Stephen Hobden -- The developing world in international politics 71 / Stephen Hobden -- Society and state 89 -- Inequality 91 / Jenny Pearce -- Ethnopolitics and nationalism 111 / James R. Scarritt -- Religion 129 / Jeff Haynes -- Women and gender 148 / Kathleen Staudt -- Civil society 166 / Marina Ottaway -- "People power" and "alternative" politics 186 / Kurt Schock -- State and society 209 -- Theorizing the state 211 / Adrian Leftwich -- State-building 230 / Brian Smith -- State collapse, civil conflict, and external intervention 249 / Martin Doornbos -- Democratization 268 / Peter burnell -- Governance and conditionality in a globalizing world 291 -- Peter Burnell -- Policy issues 313 -- Development 315 / Tony Addison -- Environment 333 / Peter Newell -- Human rights 353 / Michael Freeman -- Security 373 / Nicole Jackson -- Case studies: experiences compared 395 -- Disintegration or nation-building? 399 -- (a) Indonesia : copying with fragmentation 399 / Edward Aspinall -- (b) South Africa : from divided society to new nation 413 / Robert A. Schrire -- Civil society : active or passive? 427 -- (a) India : associational life and its discontents 427 / Rob Jenkins -- (b) Saudi Arabia : between tradition and modernity 440 / David Pool, Peter Burnell and Vicky Randall -- Military in politics versus democratic advance 452 -- (a) Pakistan : the military as a political fixture 452 / David Taylor -- (b) Nigeria : building political stability with democracy 463 / Stephen Wright -- (c) Mexico : democratic transition and beyond 473 / Andreas Schedler -- Underdevelopment and development 486 -- (a) Guatemala : enduring underdevelopment 486 / Rachel Sieder -- (b) South Korea : from development to new challenges 498 / Peter Ferdinand -- Appendix 1. Case study countries : basic indicators 511 -- Appendix 2. Case study countries : globalization rankings and scores, 2001 513.</subfield>
  </datafield>
  <datafield tag="651" ind1=" " ind2="0">
    <subfield code="a">Developing countries</subfield>
    <subfield code="x">Politics and government.</subfield>
    <subfield code="9">23681</subfield>
  </datafield>
  <datafield tag="653" ind1=" " ind2=" ">
    <subfield code="b">Pol</subfield>
    <subfield code="c">April2011</subfield>
  </datafield>
  <datafield tag="700" ind1="1" ind2=" ">
    <subfield code="a">Burnell, Peter J.</subfield>
    <subfield code="9">23682</subfield>
  </datafield>
  <datafield tag="700" ind1="1" ind2=" ">
    <subfield code="a">Randall, Vicky.</subfield>
    <subfield code="9">23683</subfield>
  </datafield>
  <datafield tag="942" ind1=" " ind2=" ">
    <subfield code="c">BB</subfield>
    <subfield code="k">320.91724 POL</subfield>
    <subfield code="2">ddc</subfield>
  </datafield>
  <datafield tag="999" ind1=" " ind2=" ">
    <subfield code="c">8782</subfield>
    <subfield code="d">8782</subfield>
  </datafield>
  <datafield tag="952" ind1=" " ind2=" ">
    <subfield code="0">0</subfield>
    <subfield code="1">0</subfield>
    <subfield code="4">0</subfield>
    <subfield code="7">0</subfield>
    <subfield code="a">MAIN</subfield>
    <subfield code="b">MAIN</subfield>
    <subfield code="c">1ST</subfield>
    <subfield code="d">2008-03-24</subfield>
    <subfield code="e">Purchase</subfield>
    <subfield code="l">13</subfield>
    <subfield code="m">34</subfield>
    <subfield code="o">320.91724POL</subfield>
    <subfield code="p">000010756</subfield>
    <subfield code="r">2025-07-15 00:00:00</subfield>
    <subfield code="s">2019-10-02</subfield>
    <subfield code="y">BB</subfield>
  </datafield>
</record>
